01099nam a2200301 i 45000010008000000030009000080050017000170080041000340200015000750400038000900410013001280820022001411000033001632450045001962640066002413000041003073360026003483370028003743380027004024900052004295040051004816500044005326550017005769060045005939420012006389990017006509520130006673633598EG-ScBUE20250716094840.0751002s1975 enka f b 001 0 eng d a0521205697 aDLCbengerdacDLCdDLCdEG-ScBUE1 aenghcze04a541.3724222bKOR1 aKoryta, Jiri,eauthor.9662210aIon-selective electrodes /cJiri Koryta. 1aCambridge ; aNew York : bCambridge University Press,c1975. a207 pages :billustrations ;c24 cm. 2rdacontentatextbtxt aunmediated2rdamediabn avolumebnc2rdacarrier0 aCambridge monographs in physical chemistry ;v2 aIncludes bibliographical references and index. 7aElectrodes, Ion selective.2BUEsh96624 vReading book a7bcbccorignewd2eocipf19gy-gencatlg 2ddccBB c11943d11943 00102ddc40708Alef-BaaaMAINbMAINc1STd2009-06-22ePurchaseg150.00l0o541.3724 KORp000017047r2025-07-15 00:00:00yBB